000 00298nam a22001337a 4500
008 181009b xxu||||| |||| 00| 0 eng d
020 _a9781133271192
041 _aeng
080 _a573
100 _a11
101 _aBIO
245 _aMath for the Biological Sciences
_cFaires
942 _2udc
_cBK
999 _c49119
_d49119